000 00886cab a2200217 4500
001 ABS47992
008 090401t1993 xxu||||| |||| 00| 0 eng d
035 _a(Sirsi) u64333
041 _aeng
245 _aTree roots and foundation damage
260 _c1993
350 _a0
490 _aEstates Gazette
_v(9305) 6 February 1993, 150-151(2)
520 _aWith a clear correlation between dry summers and the incidence of subsidence with cracking in residential property, "Mainly for Students" returns to a longstanding theme: types of soil, effects of trees, the nature and examination of cracks, and the extent of damage are aspects considered.
650 _aCLAY SOILS
650 _aBUILT ENVIRONMENT-BUILDING ELEMENTS-COMPLETE BUILDING ELEMENTS-FOUNDATIONS
650 _aSHRINKAGE
690 _aBUILT ENVIRONMENT-BUILDING INSPECTION
942 _n0
948 _c04/03/1997
999 _c40064
_d40064